| 000 | 00885 a2200205 4500 | ||
|---|---|---|---|
| 003 | OSt | ||
| 005 | 20260220120416.0 | ||
| 008 | 251003b |||||||| |||| 00| 0 eng d | ||
| 020 | _a9789356969360 | ||
| 028 | _aJaypee Brothers Medical Publishers | ||
| 082 |
_223 _a610.7367 |
||
| 100 |
_aSethi, Deepak _9213173 |
||
| 245 | _aEssentials of Adult Medical Surgical Nursing Volume-I | ||
| 250 | _a1st Ed. | ||
| 260 |
_bJaypee Brothers Medical Publishers _aNew Delhi _c2025 |
||
| 300 | _aXVII;421P. | ||
| 500 | _aIntraoperative care, Nursing management of patient with common signs and symptoms, Respiratory disorders, Gastrointestinal system, cardiovascular problems, cardiovascular emergencies, vascular diseases, blood disorder,endocrine system, integumentary disorders, musculoskeletal disorders, communicable disease | ||
| 651 | _aMedical Surgical Nursing | ||
| 942 |
_cBK _2ddc |
||
| 999 |
_c367843 _d367843 |
||